02470cam a22003498i 450000100090000000300040000900500170001300800410003001000170007102000300008802000310011802000270014904000230017604200080019904300120020705000250021908200210024410000280026524500930029326300090038626400380039530000130043333600260044633700280047233800270050050400510052752012970057865000410187565000360191665000340195277601340198622664554OSt20230908145731.0220624s2023 nyu b 001 0 eng  a 2022017185 a9781138328532q(hardback) a9781032354644q(paperback) z9781003327004q(ebook) aDLCbengerdacDLC apcc aaz-----00aP96.L342bS6426 202300a302.23014bFAT/M1 aFatihi, A. R.,eauthor.10aMedia linguistics in South Asia :blanguage, culture and communication /cAli R. Fatihi. a2209 1aNew York, NY :bRoutledge,c2023. apages cm atextbtxt2rdacontent aunmediatedbn2rdamedia avolumebnc2rdacarrier aIncludes bibliographical references and index. a"The tone and texture of the language of media have changed considerably due to the rapid expansion of media in recent times and advancements in communication technologies. This book examines new ways to conduct linguistic explorations into the myriad of forms news is being presented and consumed. It contributes to the emerging field of media linguistics by measuring and analysing the associations between linguistics and the news discourse. It extends the conceptualization of language-media relations in sociolinguistics beyond the notions of 'influence' and 'effect' and broadens the theoretical and empirical scope of the discipline. The book discusses different perspectives of media linguistics; issues of variation in language of media; question of plurilingual resources; parallel language use in media and textuality of news genres. It discusses the dynamics of news reportage by studying the coverage of conflicts, violence and dissent in South Asian media in recent decades along with the reportage of cricket headlines and news. Comprehensive and topical this volume will be useful for scholars and researchers of linguistics, media linguistics, applied linguistics, media studies, media sociology, sociology, cultural studies and South Asian studies"--cProvided by publisher. 0aMass media and languagezSouth Asia. 0aDiscourse analysiszSouth Asia. 0aSociolinguisticszSouth Asia.08iOnline version:aFatihi, Ali R.tMedia linguistics in South AsiadNew York, NY : Routledge, 2023z9781003327004w(DLC) 2022017186